Reprezentacje, które wygrały mistrzostwa świata - Statystyki

Ogólne statystyki
  • Ten quiz został rozwiązany 40 razy
  • Średni wynik to 7 z 8
Statystyki odpowiedzi
Zwycięstwa Reprezentacja % Poprawnych
5 Brazylia
100%
3 Argentyna
97%
4 Niemcy
97%
2 Francja
95%
2 Urugwaj
92%
4 Włochy
92%
1 Hiszpania
89%
1 Anglia
86%
Nie znaleziono quizów pasujących do podanych kryteriów
Rozkład punktacji
Procent ludzi z każdym wynikiem
Percentyl według liczby udzielonych odpowiedzi
Twoja historia wyników
Nie rozwiązałeś tego quizu